00841cam a2200241 i 450000100060000000300080000600500170001400800390003102000150007003500190008504000320010404100080013608200220014410000500016624500720021626000560028830000560034450000660040050400530046665000200051965000330053965000270057217105BD-RjUL20211209000105.0140216r19751925nyuaf b 001 0 eng a0878171355 a(BD-RjUL)17162 aDLCcDLCdDLCdBD-RjULbeng aeng00a709.495bDAE 19751 aDalton, O. M.q(Ormonde Maddock),d1866-1945.10aEast Christian art :ba survey of the monuments /cby O. M. Dalton. aNew York :bHacker Art Books,c1925 [Reissued1975]. axv, 396 p., [34] leaves of plates :bill. ;c27 cm. aReprint of the 1925 ed. published by Clarendon Press, Oxford. aIncludes bibliographical references and indexes. 0aArt, Byzantine. 0aChristian art and symbolism. 0aByzantine antiquities.